[Event "NA U20 Championship"]
[Site "Mexico City"]
[Date "2022.12.04"]
[Round "5"]
[White "Stearman, Josiah P"]
[Black "Hua, Eugene"]
[Result "0-1"]
[WhiteElo "2386"]
[BlackElo "2264"]
[Annotator "John Upper"]
[PlyCount "70"]
[EventDate "2022.??.??"]
[EventType "game"]
[EventCountry "MEX"]
[SourceTitle "Chess Canada Tactiosauru"]
[Source "CFC/John Upper"]
[SourceDate "2023.03.11"]
[SourceVersion "1"]
[SourceVersionDate "2023.03.11"]
[SourceQuality "1"]

1. d4 Nf6 2. c4 e6 3. Nf3 d5 4. Nc3 Be7 5. e3 O-O 6. b3 b6 7. Bb2 Bb7 8. Be2
Nbd7 9. O-O Ne4 10. Nxe4 dxe4 11. Nd2 {[#]} c5 ({Here's an example of how the
best players of 125 years ago struggled with timing the pawn breaks:} 11... f5
12. f3 Bg5 13. f4 Bf6 14. Rf2 (14. b4 $142 $11) 14... c5 15. Nf1 Qc7 16. Qd2
Rad8 17. g4 $2 cxd4 $1 18. exd4 (18. Bxd4 $2 e5 $19) 18... Nb8 $2 (18... e5
$142 $3 $17) 19. gxf5 $2 Bxd4 $1 20. Bxd4 Nc6 21. Bxb6 axb6 22. Qe3 Nd4 (22...
exf5 $19) 23. Rd1 (23. fxe6 $5 Nc2 24. Qc3 Nxa1 25. f5 $1 $17) 23... Nxe2+ $6 (
23... Nxf5 $142 $1) 24. Qxe2 exf5 25. Ne3 $15 {(½-½, 50) Lasker,E-Pillsbury,
H St Petersburg, 1896.}) 12. Qc2 cxd4 13. exd4 $6 {This gives Black simple and
strong play: push the kingisde majority until it hits something. White may
have wanted to avoid the more sterile option, but objectively better was} (13.
Bxd4 $142 $11) 13... f5 14. Qc3 Bg5 15. Ba3 (15. f3 {and if} e3 16. f4 $8 exd2
17. fxg5 Qxg5 18. Qg3 $11 {and the d-pawn is doomed.}) 15... Rf6 (15... Rf7 {
is a bit more flexible: allowing the Bg4 to retreat while still able to get
behind the g-pawn.}) 16. f4 Bh4 {[%mdl 32832] [#] Critical Position What
happens after g3?} 17. Rfd1 {[%mdl 64]} (17. g3 $5 {This doesn't win the B,
but it allows White to force Black to give up an exchange... after which Black
has more than enough compensation.} Rg6 18. Bh5 $6 {this looks good, but Black
has a complex but forced route to a significant advantage:} Bf6 $1 {creates a
series of tactics based on ...Bxd4 forking the K and Q:} (18... Rh6 19. Be2 Bf6
$15 {is Black's simpler response.}) (18... Nc5 19. Bxg6 Bf6 {transposes}) 19.
Bxg6 (19. Bd6 {helps defend d4, but after} Rh6 $15 {White has no extra
material but has weakened the long diagonal to h1.}) 19... Nc5 $1 20. Bb2 Nd3 {
threatening to take on b2 then on d4} 21. Nf3 $1 hxg6 (21... Nxb2 22. Ne5 $8
$11) 22. Ne5 $8 Bxe5 23. fxe5 $8 (23. dxe5 $2 Qc7 $19 {(or ...g5!?) and White
has no open file for his exchange, and the black K is safe while the white K
is in mortal peril.}) 23... b5 $1 $15 {fighting for d5 and/or pressure on the
center pawns; and it's hard to imagine the white B ever doing more than
guarding d4.}) 17... g5 18. Bd6 Rg6 19. Nf1 Rc8 {[#]} 20. Qb4 $2 (20. Ne3 $142
$15 Nf8 21. Be5 gxf4 22. Bxf4 Bg5 {is similar to the game, but with the white
Q and N both doing better defensive duties.}) 20... a5 $1 $19 21. Qa3 ({
Other Q moves are no better:} 21. Qc3 Nf6 22. Be5 gxf4 23. Bxf4 Nd5 24. Qd2 e3
$1 $19 {opening the attack on g2.}) (21. Qd2 e3 $1 22. Nxe3 Nf6 23. Be5 Ne4 24.
Qc1 Bf2+ 25. Kf1 (25. Kh1 $2 Ng3+ $19 {#2}) 25... gxf4 $1 26. Bxf4 Qh4 $19 {
attacking the Bf4 and threating (among other things) ...Be1 and ...Qf2#.})
21... gxf4 22. Bxf4 Bg5 23. Bd6 f4 24. Bh5 Rg7 25. Bg4 Qf6 {[#] Two pawn
breaks open the c and g-files and White gets mated.} 26. d5 {Blocks the Bb7
but opens the c-file. This isn't good for White, but nothing is.} exd5 27. cxd5
f3 {All three of Black's majors are better than White's.} 28. gxf3 (28. Bg3 {
hopes to keep the g-file closed, but Black can just trade away the defenders:}
fxg2 29. Kxg2 Rc2+ 30. Kg1 Bf4 $19) 28... h5 {Wins the Bg4. Black also had the
fancy:} (28... Qxf3 $1 29. Bxf3 Be3+ 30. Kh1 $8 Rg1#) 29. Bg3 (29. Bxh5 Be3+ {
and ...Rg1#.}) 29... hxg4 30. fxe4 Qf3 31. Qd6 Rc2 32. Qe6+ Kh8 33. Qe8+ Kh7
34. Qh5+ Kg8 35. Qe8+ Nf8 {Very smooth play by Black, making the most of the
opportunities afforded by exd4.} 0-1

[Event "NA U20 Championship"]
[Site "Mexico City"]
[Date "2022.12.06"]
[Round "9"]
[White "Tolentino, Patrick Angelo"]
[Black "Mendoza, Algol Jorajuria"]
[Result "1-0"]
[WhiteElo "2036"]
[BlackElo "2115"]
[Annotator "John Upper"]
[PlyCount "87"]
[EventDate "2022.??.??"]
[EventType "game"]
[EventCountry "MEX"]
[SourceTitle "Chess Canada Tactiosauru"]
[Source "CFC/John Upper"]
[SourceDate "2023.03.11"]
[SourceVersion "1"]
[SourceVersionDate "2023.03.11"]
[SourceQuality "1"]

{[%evp 0,87,28,29,46,35,77,58,55,44,40,24,36,13,60,49,97,89,78,68,56,45,64,43,
46,28,72,36,45,43,23,3,22,13,43,37,75,75,148,150,164,278,242,175,175,7,7,7,139,
139,152,162,365,108,108,117,144,158,158,160,160,166,166,170,179,186,190,177,
177,166,170,177,174,170,170,170,170,136,243,262,382,289,375,273,311,321,432,
477,477,1075]} 1. e4 c5 2. Nf3 d6 3. d4 cxd4 4. Nxd4 Nf6 5. Nc3 Nc6 6. f3 e6 7.
Be3 h5 $5 8. Qd2 a6 9. O-O-O Bd7 {[#]} 10. Kb1 (10. Qe1 Qc7 11. Bd3 Ne5 12. Kb1
b5 $13 13. f4 Nxd3 14. cxd3 b4 15. Nce2 Qb7 $15 {Black can push on the
queenside before deciding what to do about his own king; (0-1. 29) Cornette,D 
(2462)-Jumabayev,R (2605) Douglas, 2018.}) 10... Qc7 11. Nb3 (11. Nxc6 Bxc6 12.
Ne2 d5 13. e5 Nd7 $15 (13... Qxe5 $4 14. Bf4 $18 {after this the Q has to
scurry almost all the way off the board.} Qf5 15. Nd4 Qh7 16. Nxc6 bxc6 17. Qc3
c5 18. Bd3 Qg8 19. Qb3 $18 {and there's nothing guarding the queenside.}) 14.
f4 g5 $2 (14... Nc5 15. Nd4 Be7 16. g3 $14 {"would have been normal play." -
John Shaw, Playing 1.e4, Quality Chess, 2018.}) 15. f5 Nc5 16. fxe6 fxe6 17.
Bxc5 Bxc5 18. Qxg5 $16 {Cheparinov,I (2687)-Al Modiahki,M (2556) Sochi FIDE GP
2008 (12) 1/2-1/2}) 11... b5 12. Bf4 (12. Bxb5 $5 axb5 13. Nxb5 Qb8 14. Nxd6+
$13) 12... b4 13. Ne2 e5 14. Bg5 a5 15. Nbc1 Be6 16. Ng3 h4 (16... Rb8 $1 {
stops Bb5, which is strong in many lines we see below.}) 17. Nf5 Bxf5 18. exf5
{[%mdl 32832] [#] Critical Position With the possible exception of the pawns
on f5 and h4, this looks like a Najdorf with no kingside development. If it
were White to play, Bxf6 then Qd5 and Bc4 would create a crushing bind on the
light squares. Can Black do anything about this?} Nd4 $4 {Stops Bb5, which is
annoying in so many lines, but this is a surprisingly bad move -- going from
slightly worse to lost -- the kind of one-move inaccuracy that is so costly in
many Sicilians.} (18... d5 $2 19. Bb5 $1 $16 ({White could throw the game away
like this:} 19. Bxf6 $2 gxf6 $11 20. Qxd5 $4 Rd8 $19)) (18... Be7 $142 19. Bb5
$14 {when the computer suggests 19...Kf8, since none of Black's aggressive
options help.} Rb8 (19... a4 $2 20. Bxf6 gxf6 21. Qd5 $18) 20. Ba4 $1 $16 {
is a neat way to stop Black's pawns.}) 19. Nb3 $8 {Immediately challenging the
Nd4. If White were to wait even one move Black's attack on c2 would allow a
tactical solution:} (19. h3 $2 Be7 20. Nb3 Ne4 $1 $17 {overloading the Qd2.})
19... Nxf5 (19... Nxb3 20. Bb5+ Nd7 21. cxb3 $18) 20. Bb5+ Nd7 {[%mdl 644] [#]
White is fully developed and the Black K is stuck in the center. Does White
have more than one way to open the center?} 21. f4 $1 {Good (and strong) but
there's a less obvious way to break the center open which is at least as
strong:} (21. Rhe1 $1 Be7 (21... f6 22. Qd5 {hits a8 and e6.}) 22. Rxe5 $3 $18)
21... a4 22. fxe5 axb3 {Threatening ...Qxc2+.} 23. cxb3 $1 Qa7 (23... Qa5 24.
Ba4 $1 {anyway, though the computer prefers} (24. a4 $3 {for reasons I'll
leave to the curious and dilligent.})) 24. Ba4 f6 {[#]} 25. Rhe1 $1 {White has
more than one way to win, but bonus points for the "quiet" move.} fxg5 {[#]} (
25... Kd8 26. exd6 fxg5 27. Qxg5+ $18) 26. exd6+ {White cashes in.} (26. Qxg5
$1 {tortures Black, who has no good moves, by not giving him a forced move.})
26... Kf7 (26... Kd8 27. Qxg5+ $18) 27. Qd5+ Kg6 28. Bxd7 Qxd7 {[#]} 29. Re6+
Kh7 30. Qxf5+ Kg8 31. Qd5 $8 $18 Ra5 $1 32. Qxa5 Qxe6 33. d7 Qe4+ 34. Ka1 Be7
35. d8=Q+ Bxd8 36. Qxd8+ Kh7 37. Qxg5 Rf8 {[#]} 38. a4 $6 (38. Qh5+ $142 Kg8
39. Qc5 {threatens to trade Qs and coordinates with the R, and} Qxg2 40. Qc4+
Rf7 (40... Kh7 41. Qxh4+ {wins both h and b-pawns.}) 41. Rd8+ Kh7 42. Qxh4+ Kg6
43. Rd6+ $18 {forces off all the pieces.}) 38... Rf5 $2 (38... bxa3 $142 {
gives much better perpetual chances, for example} 39. Qh5+ $2 Kg8 40. bxa3 Rf1
$3 $11) 39. Qd2 g5 40. h3 Kg6 41. Re1 Qf4 42. Qd3 g4 43. hxg4 Qxg4 44. Rf1 1-0

[Event "RA December Open"]
[Site "Ottawa"]
[Date "2022.12.10"]
[Round "?"]
[White "Sambuev, Bator"]
[Black "Dukic, Zachary"]
[Result "1-0"]
[WhiteElo "2508"]
[BlackElo "2399"]
[Annotator "John Upper"]
[PlyCount "47"]
[EventDate "2022.??.??"]
[EventType "swiss"]
[EventCountry "CAN"]
[SourceTitle "Chess Canada Tactiosauru"]
[Source "CFC/John Upper"]
[SourceDate "2023.03.11"]
[SourceVersion "1"]
[SourceVersionDate "2023.03.11"]
[SourceQuality "1"]

1. d4 Nf6 2. c4 g6 3. Nc3 d5 4. cxd5 Nxd5 5. e4 Nxc3 6. bxc3 Bg7 7. Bc4 c5 8.
Ne2 Nc6 9. Be3 O-O 10. O-O b6 $5 {10... b6 is a previously rare but currently
popular line in the Grunfeld.} 11. Qd2 ({If} 11. dxc5 Qc7 $1 {and Black has
loads of compensation playing against White's ragged queenside.}) 11... Bb7 {
[#] Here, White typically plays a R to the middle to support the pawns, but
Bator risks a sharper line where Black lets White have a serious attack in
return for wrecking White's center.} 12. Bh6 $5 {Trading the DSB both weakens
Black's kingsid and reduces his pressure on the center. The computer doesn't
recommend this line, but doesn't rate it much worse than the more usual moves,
and humans don't defend nearly as well as computers, so a reasonable practical
choice.} Bxh6 $1 {Inviting the Q to h6 gives White very dangerous attacking
chances, but it's the principled move, and it makes it clear that Black thinks
White should have kept his pieces supporting his center.* . . . *another
possiblity is that Black is a tightrope-dancing lunatic with a death wish; but
that's not the Zach I remember.} 13. Qxh6 cxd4 {[#]} 14. f4 (14. Rad1 $5 Na5 $2
(14... Ne5 $142 15. Nxd4 $1 $13 {If you play this line you should study this
position.}) 15. Rd3 $1 $18 {[#]  Analysis Diagram Black needs to chuck pieces
to avoid mate.} Bc8 (15... Bxe4 16. Rh3 g5 17. Qxg5+ Kh8 18. Qe5+ $18 {wins
the B before going back to mate on h7.}) (15... Qc8 $5 {hoping to take R on h3
and B on c4, but} 16. Nxd4 $1 Qxc4 17. Nf5 $1 $18 {shows another attacking
motif.}) 16. Bd5 $1 Rb8 17. Nxd4 (17. Nf4 $1) 17... e6 18. Bb3 $4 {Sure, it's
a blitz game, but a titled player ought to remember the reason he played the R
lift and see that ...e6 blocks the Bc8.} (18. Rh3 $142 $18) 18... Qf6 $14 {
(0-1, 31) Czerw,D (2386)-Gallego Alcaraz,A (2499) Chess.com Titled Tuesday,
2022.}) 14... Qd6 $1 {To scurry over to g7 before White can play Rf3-h3.} 15.
e5 {Gaining time and stopping Qf5, but opening the long diagonal for the Bb7 
(if Black survives long enough for that to matter).} Qc5 $1 {[#]} 16. f5 $2 {
Threatening f6 and mate on g7.} (16. cxd4 {Also fails if Black finds lines
where ...Bxg2+ enables Black to force off the Qs with a check; e.g.} Qxc4 17.
f5 Nxd4 18. f6 exf6 19. exf6 Ne6 $19 (19... Nxe2+ $1 20. Kh1 Bxg2+ 21. Kxg2
Qg4+ 22. Kf2 Qf4+ $19) 20. Nf4 Qd4+ 21. Kh1 Qxf6 22. Nh5 Bxg2+ $1 {(...Qxa1
wins, but not as cleanly.)} 23. Kxg2 Qg5+ $18) ({We are looking at a caveman
attack, so who else do we find playing this but GM Simon WIlliams:} 16. Rf3
$142 $8 Bc8 $1 {[#]  Analysis Diagram ...Bc8 prevents Rh3 and mate on h7, as
we saw in the game above.} 17. Ng3 $2 (17. Bd3 $8 dxc3+ 18. Kh1 c2 (18... Be6
$2 19. f5 $1 $18 {Interfering with the defence of h3.}) 19. e6 (19. f5 $2 Qxe5
$8 $19 {and the Q saves the game from g7,}) 19... Bxe6 20. f5 Bxf5 21. Bxf5 $13
) 17... dxc3+ $2 (17... Qxc4 $142 18. Nh5 gxh5 19. Rg3+ Bg4 $8 20. Qxh5 Kh8 $19
{Black can defend g7 with ...Rg8, and h7 with ...Qd3.}) 18. Kh1 Qxc4 19. f5 $8
Nxe5 $8 20. Rf4 Ng4 $3 {It must have been fun to find and play this move!} 21.
Qxf8+ $8 (21. Qg5 Qc6 22. Qxg4 Bb7 $19) 21... Kxf8 22. Rxc4 gxf5 23. Rxc3 $15 {
(½-½, 42) Williams,S (2515)-Melkumyan,H (2649) London, 2012.}) 16... dxc3+ (
16... d3+ {is also good, and similar to the game after:} 17. Kh1 Nxe5 $8 $19 (
17... dxe2 $4 18. f6 $18)) 17. Kh1 Nxe5 $8 {Removing White's support for f5-f6
and defending g6.} 18. fxg6 {[#]} hxg6 $8 (18... Nxg6 19. Bxf7+ Rxf7 20. Rxf7
Kxf7 21. Qxh7+ $13 {with a wild position where my computer Overlords inform me
that White has enough play to draw, but not more; e.g.} Kf6 22. Rf1+ Kg5 23.
h4+ Nxh4 24. Nf4 $8 Bxg2+ $5 25. Kh2 $8 $11 (25. Nxg2 $4 Ng6 $8 $19)) 19. Bb3
Rad8 20. Nf4 Rd2 $1 {The two Ns are playing the starring roles in saving their
Ks.} 21. Rae1 (21. Nxg6 $4 Bxg2#) 21... Rf2 $6 22. h3 {[#]} Rxf1+ $6 {Black is
still winning after this, but trading an attacker (which ties the Nf4 to
defending g2) and conceding the f-file greatly reduces the margin for error.} (
22... c2 $142 23. Nxg6 (23. Rxf2 Qxf2 24. Rxe5 $2 c1=Q+ {#4}) 23... Bxg2+ $8
$19 24. Kh2 Bxf1+ 25. Kg3 (25. Kh1 Rh2+ $1 {#2}) 25... Rg2+ $18) 23. Rxf1 {
[%mdl 33088] [#] Critical Position Does Black have anything better than ...Qd6
or ...Qc6?} Qd6 $4 ({Shows some of White's threats:} 23... Rd8 $4 24. Nxg6 Nxg6
25. Bxf7#) (23... c2 $4 24. Ne6 $18) (23... Qd4 $4 {allows Ne6, but also
invites} 24. Qxf8+ Kxf8 25. Ne6+ $18) (23... Qc6 $2 {Defends g6, hits g2, and
supports the c-pawn -- all good things, not good enough to win!} 24. Rf2 $8 $13
{covering g2 and c2.} (24. Bd5 $4 Qb5 $8 25. Nxg6 (25. Bxf7+ Rxf7 $19) 25...
Qxf1+ 26. Kh2 Qf6 $8 27. Qxf8+ Kh7 $19) 24... Rd8 25. Nh5 $8 gxh5 26. Qg5+ $8
Kf8 (26... Ng6 $2 27. Bxf7+ Kh7 $8 $13) (26... Qg6 $4 27. Bxf7+ $18) 27. Qxe5
e6 $1 $13) (23... Qe3 $8 $19 {simply pinning the N to the undefended Q stops
both Nxg6 and Ne6; and without being able to move the N the Rf1 is also
blocked, leaving White only his Q and B to make threats.} {If White unpins with
} 24. Qh4 {there are no more Qxg6 perpetuals, so Black has a choice of ways to
consolidate, including ...e6 or ...Be4, among other options. Of course, it's
anything but simple to find this "simple" defence when you've been calculating
dense tactics for 3+ hours.} ({There are no perpetuals or deflections:} 24.
Bxf7+ Rxf7 $8 $19) (24. Rf3 Bxf3 $1 $19) 24... e6 25. Re1 Qd4 $1 $19 {simplest}
(25... Nf3 $5)) 24. Ne6 $8 {Ouch. White threatens Qg7# and if ...fxe6 Rxg8#
exploits the newly created pin on f7.} 1-0

[Event "RA December Open"]
[Site "Ottawa"]
[Date "2022.12.10"]
[Round "3"]
[White "Han, Johnathan"]
[Black "Rodrigue Lemieux, Shawn"]
[Result "0-1"]
[WhiteElo "2250"]
[BlackElo "2540"]
[Annotator "John Upper"]
[PlyCount "57"]
[EventDate "2022.??.??"]
[EventType "swiss"]
[EventCountry "CAN"]
[SourceTitle "Chess Canada Tactiosauru"]
[Source "CFC/John Upper"]
[SourceDate "2023.03.11"]
[SourceVersion "1"]
[SourceVersionDate "2023.03.11"]
[SourceQuality "1"]

{[%evp 0,57,20,15,24,26,14,12,12,12,-10,-3,-4,1,0,0,0,-7,0,17,-13,4,13,26,21,
13,33,17,21,40,26,-1,30,-2,103,103,84,84,116,84,8,-117,-176,-257,-223,-156,
-144,-169,-198,-392,-324,-395,-395,-397,-395,-920,-950,-1498,-1544,-29999]} 1.
e4 e5 2. Nf3 Nc6 3. d4 exd4 4. Nxd4 Nf6 5. Nxc6 bxc6 6. e5 Qe7 7. Qe2 Nd5 8. c4
Ba6 9. Nd2 g6 10. Nf3 Qb4+ 11. Kd1 {[#]} Ne7 $1 {This is Black's best-scoring
move, but it is almost unmentioned in older opening books since it didn't get
played regularly until Kramnik won with it in 2017 (below). One point is to
get the N to d4.} ({The older main line goes:} 11... Nb6 12. b3 Bg7 13. Qd2
Qxd2+ 14. Bxd2 {when Black has several decent-scoring lines.}) 12. Kc2 $5 $146
{White keeps the Qs on and aims for a kingside attack, which seems like a
promising idea, given the weaker dark squares over there and Black's Ba6 and
Qb4 are not so well placed. White's queen sacs in the variations at move 18
show some of the crazy winning tactics when Black goes ...00. The only
question is whether Black can force open the center, when White might regret
leaving Black's Q on.} (12. Qc2 c5 $1 13. Bd3 Bg7 14. Re1 O-O 15. Qb3 Nc6 16.
Bd2 Qb6 $1 $15 {(0-1, 32) Jones,G (2668)-Kramnik,V (2803) Isle of Man, 2017.})
12... Bg7 13. b3 O-O 14. Bb2 c5 15. h4 Rfe8 16. h5 Nc6 17. hxg6 hxg6 {[%mdl
32832] [#] Critical Position Black is ready to break in the center with ...d6
or ...d5 and the White Q is a target. Should White go Qe4, or Bc3, or
something else?} 18. Qe4 $6 {[%mdl 576] This stops ...d6, which would hang the
N, but White's c4 pawn is still pinned...} (18. Bc3 $142 $11 Qa3 19. Bb2 Qa5 ({
Black can't avoid the draw with} 19... Nb4+ $4 20. Kd1 Qa5 21. Ng5 $1 $18 f6
22. exf6 $3 Rxe2 23. Bxe2 $18) 20. Bc3 $11 Nb4+ $2 (20... Qb6 21. Qd2 $13) 21.
Kb2 Qb6 (21... d6 22. a3 $18) 22. Ng5 $1 $18 {and Qf3.}) (18. Qe3 $142 $1 {
prepares to bring the Q to the attack (via f4) without giving Black the tempo
he gets after Qe4. A very hard-to-see point is that Black is not yet ready to
break in the center: ...d5 obviously just loses the pawn to cxd5, less
obviously ...d6 allows White some tactics to set up a very strong attack.} d6
$2 {[#] This is the critical move -- exploiting the pin to break in the center
-- but it allows White a spectacular sac and a strong attack:} 19. e6 $3 Rxe6 (
19... fxe6 20. Bxg7 $18) 20. Bxg7 $1 (20. Rh8+ $4 {might work in blitz, hoping
for ...Kxh8 Qh6+ and mate, but} Bxh8 $8 $19) 20... Kxg7 $8 (20... Rxe3 $2 21.
Bf6 $1 $18 {is the big tactic behind e6: Black now has to give back to Q on c3
to prevent mate.}) 21. Qh6+ Kf6 {White has a draw in hand, but should play for
more with:} 22. Qh4+ Kg7 23. Bd3 {connecting the Rs and preparing Qf4 
(attacking f7 and defending d2), with threats like Rh7+ and Ng5. Black will
probably have to bail out with ...Nd4+ as a pawn sac, leaving White with equal
material and a strong initiative which SF15 rates as +2.}) 18... d5 $3 (18...
Bb7 {is worse, since} 19. Qf4 {gets out of the discovered attack and threatens
e5-e6 (trading Black's last kingside defender) while Black is no closer to
opening the center.}) 19. Qxd5 $2 ({The c4 pawn is still pinned to the Q, so} 
19. cxd5 $4 Qxe4+ $19) (19. Qh4 $142 dxc4 $40 20. Bxc4 Bxc4 21. Qxc4 Qxc4+ 22.
bxc4 Nb4+ $1 {and Black's initiative should count for something.} (22... Nxe5
$6 {lets White excape to a drawable RP ending.}) 23. Kb3 Nd3 $15) 19... Bb7 $17
{[#]} 20. Bc3 $6 (20. a3 Qb6 $40 (20... Nd4+ $4 21. Qxd4 $18)) (20. Qd3 Rad8
21. Qc3 Qxc3+ 22. Bxc3 Nb4+ {and the e-pawn falls with Black keeping a huge
lead in development.}) (20. Qd2 Qxd2+ 21. Kxd2 Rad8+) 20... Qa3 $1 $19 21. Qd2
Rad8 (21... Nb4+) 22. Qf4 Nb4+ $1 23. Bxb4 cxb4 {[#]} 24. Ng5 (24. Rh7 $5 Kxh7
(24... Bxf3 $19 {is simpler, and obvious.}) 25. Ng5+ Kh8 $8 26. Bd3 Rd7 $8 $19)
24... Rd7 25. Qc1 (25. e6 $2 Qb2#) 25... Rxe5 26. Qxa3 bxa3 27. Nf3 {[#] Black
finds very nice finish.} Be4+ 28. Kc1 Rh5 $1 29. Rxh5 (29. Rxh5 Bb2#) 0-1